00969 a2200157 4500003000500000005001700005040000900022082000800031100002000039245003200059260003600091505061800127538003000745600002000775650001600795Nust20170207153454.0 cNust a956 aThayer Philip W aTensions in the Middle East aLondonbThe Johns Hopkinsc1958 aThe United States and the Middle East (Page-3) Strategic Military Importance of the Middle East (Page-30) The Middle East in World Affairs (page-50) Problems of Arab Political Behavior (Page-68) The Middle East in the World Economy (page-97) Technical Assistance in the Middle East (page-114) Structural Change in Middle East Society (page-140) Recent Developments in slam (Page-165) The Cyprus Problem (page-193) Israel (page-215) Some Legal Aspects of the Suez Situation (page-243) The United nations and The Suez Crisis (page-273) The Prospects of in the Middle East (page-297) Concluding Comments (page-325)  aAlmirah No.63 Shelf No.4 aPhilip W.Thayer aMiddle East